000 00612nam0a22002291 4500
001 rc\789234
005 20250622133023.0
035 _a(NLR Aleph) 006314594
090 _a7387707
_c7387707
100 _a20040301d1984 |||y0rusy50 ca
101 0 _arus
102 _aRU
105 _ay |||||||||
200 1 _aОбретение новых традиций
210 _aФрунзе
_cКыргызстан
_d1984
215 _a192 с.
_d20
700 1 _aДжигитов
_bС.
_gСалиджан
801 0 _aRU
_bNLR
_gpsbo
801 1 _aRU
_bELAR
_2rusmarc
852 _aNLR
_j85-3/3394
942 _cBOOK
980 _aNB